000 00290nam a22001337a 4500
082 _a894.812
_bJOJ/E
100 _aJOJI
245 _aEVIDE SATHYAM NILAVILIKKUNNU
260 _aTHRISSUR
_bNISHAGANDHI PUBLICATIONS
_c2007
300 _a384
520 _aNOVEL
650 _aNOVEL
942 _cBK
999 _c4909
_d4909